Every AFL Teams Top 5 Listed Players 2024 - Statistics

General Stats
  • This quiz has been taken 35 times
  • The average score is 66 of 90
Answer Stats
Hint Answer % Correct
Fremantle Caleb Serong
100%
Carlton Charlie Curnow
95%
Sydney Isaac Heeney
95%
Hawthorn James Sicily
95%
GWS Jesse Hogan
95%
Adelaide Jordan Dawson
95%
Collingwood Josh Daicos
95%
Brisbane Lachie Neale
95%
Western Bulldogs Marcus Bontempelli
95%
Collingwood Nick Daicos
95%
Carlton Patrick Cripps
95%
Fremantle Andrew Brayshaw
91%
Sydney Chad Warner
91%
Port Adelaide Connor Rozee
91%
Collingwood Darcy Cameron
91%
Sydney Errol Gulden
91%
North Melbourne Harry Sheezel
91%
Geelong Jeremy Cameron
91%
Melbourne Max Gawn
91%
Gold Coast Noah Anderson
91%
West Coast Tim Kelly
91%
Gold Coast Touk Miller
91%
Essendon Zac Merrett
91%
Port Adelaide Zak Butters
91%
Melbourne Christian Petracca
86%
Hawthorn Dylan Moore
86%
Brisbane Harris Andrews
86%
Hawthorn Jai Newcombe
86%
North Melbourne Luke Davies-Uniacke
86%
Gold Coast Matt Rowell
86%
Geelong Max Holmes
86%
GWS Toby Greene
86%
Adelaide Izak Rankine
82%
GWS Josh Kelly
82%
St Kilda Rowan Marshall
82%
Carlton Sam Walsh
82%
Richmond Tim Taranto
82%
Carlton Tom De Koning
82%
GWS Tom Green
82%
North Melbourne Tristan Xerri
82%
St Kilda Jack Steele
77%
Carlton Jacob Weitering
77%
Geelong Patrick Dangerfield
77%
Melbourne Steven May
77%
Western Bulldogs Tom Liberatore
77%
Gold Coast Ben King
73%
Brisbane Josh Dunkley
73%
St Kilda Nasiah Wanganeen-Milera
73%
Essendon Nic Martin
73%
Hawthorn Will Day
73%
Richmond Daniel Rioli
68%
West Coast Jake Waterman
68%
West Coast Jeremy McGovern
68%
Collingwood Jordan De Goey
68%
Fremantle Luke Ryan
68%
Adelaide Rory Laird
68%
GWS Sam Taylor
68%
Geelong Tom Stewart
68%
Adelaide Darcy Fogarty
64%
Fremantle Hayden Young
64%
St Kilda Jack Sinclair
64%
Melbourne Jack Viney
64%
Brisbane Joe Daniher
64%
Fremantle Luke Jackson
64%
Sydney Nick Blakey
64%
North Melbourne Nick Larkey
64%
Richmond Tom Lynch
64%
Western Bulldogs Adam Treloar
59%
Western Bulldogs Bailey Dale
59%
Melbourne Jake Lever
59%
Western Bulldogs Jamarra Ugle-Hagan
59%
Richmond Shai Bolton
59%
Sydney Tom Papley
59%
Port Adelaide Jason Horne-Francis
55%
Essendon Kyle Langford
55%
Adelaide Ben Keays
50%
St Kilda Callum Wilkie
50%
Brisbane Hugh McCluggage
50%
Collingwood Jack Crisp
50%
North Melbourne Jye Simpkin
50%
Port Adelaide Dan Houston
45%
West Coast Elliot Yeo
45%
Port Adelaide Aliir Aliir
41%
Essendon Jye Caldwell
41%
Gold Coast Sam Collins
41%
West Coast Tom Barrass
41%
Geelong Gryan Miers
36%
Essendon Jordan Ridley
32%
Hawthorn Massimo D'Ambrosio
32%
Richmond Nick Vlastuin
32%
No matching quizzes found
Score Distribution
Percent of People with Each Score
Percentile by Number Answered
Your Score History
You have not taken this quiz